000 00836nam a22002177a 4500
005 20240530110602.0
008 160919s2014 ua f 00| f ara d
017 _a2014/9092
_bمصر . دار الكتب المصرية
020 _a9789774488474
040 _aEG-CaGPL
082 0 4 _221
_a823\
_bف ت
100 1 _aفرانزن ، جوناثان
245 1 2 _aالتصحيحات :
_bرواية /
_cجوناثان فرانزن ؛ ترجمة عمرو خيرى
260 _aالقاهرة :
_bالهيئة المصرية العامة للكتاب ،
_c2014 .
300 _a843 ص. ؛
_c19 سم .
490 0 _aسلسلة الجوائز ؛
_v124
650 0 4 _aالادب الامريكى المترجم
650 0 4 _aالقصص الامريكية المترجمة
700 0 _aعمرو خيرى
_eمترجم
942 _2ddc
_cBK
999 _c62679
_d62679